000 00367nam a2200145Ia 4500
008 230917s9999||||xx |||||||||||||| ||und||
040 _e160715
_aMAIN
041 _aEnglish
082 _a658.3 S64M
100 _aSingh, A K
245 0 _aManaging people: Strategy for 21st century
260 _aNew Delhi
_bExcel Books
_c2008
300 _axv, 131 p.
942 _cBK
999 _c153199
_d153199